Kapitálový fond z príspevkov akcionárov

Priblíženie aktuálnej úpravy kapitálových fondov (známe aj ako "ostatné kapitálové fondy") z príspevkov vrátane vymedzenia ich základného účelu fungovaniu v aplikačnej praxi. Zákonné podmienky, pri ktorých môže dôjsť k vráteniu poskytnutého príspevku za trvania spoločnosti.

Na minha lista:
Detalhes bibliográficos
Autor principal: Janáč, Viliam
Formato: Capítulo de Livro
Idioma:eslovaco
Assuntos:
Tags: Adicionar Tag
Sem tags, seja o primeiro a adicionar uma tag!

MARC

LEADER 00000naa a2200000 4500
001 0272721
005 20250228130126.0
041 0 |a slo 
044 |a SK 
245 1 0 |a Kapitálový fond z príspevkov akcionárov  |c Vilimam Janáč 
520 |a Priblíženie aktuálnej úpravy kapitálových fondov (známe aj ako "ostatné kapitálové fondy") z príspevkov vrátane vymedzenia ich základného účelu fungovaniu v aplikačnej praxi. Zákonné podmienky, pri ktorých môže dôjsť k vráteniu poskytnutého príspevku za trvania spoločnosti. 
610 2 0 |a kapitál 
610 2 0 |a akcionári 
610 2 0 |a zákonník obchodný 
610 2 0 |a úpravy právne 
610 2 0 |a fondy kapitálové 
100 1 |a Janáč, Viliam